|
|
|
|
| LEADER |
00960cam a2200277 7i4500 |
| 001 |
0000020156 |
| 005 |
20170218090000.0 |
| 008 |
080509 eng |
| 020 |
|
|
|a 9780273687139
|
| 020 |
|
|
|a 0273687131 (pbk.)
|
| 040 |
|
|
|a DLC
|
| 090 |
0 |
0 |
|a HF5549
|b .T67 2005
|
| 100 |
1 |
|
|a Torrington, Derek
|
| 245 |
1 |
0 |
|a Human resource management
|c Derek Torrington, Laura Hall, Stephen Taylor.
|
| 250 |
|
|
|a 6th ed.
|
| 260 |
|
|
|a Harlow, England:
|b Prentice Hall,
|c 2005.
|
| 300 |
|
|
|a xxi, 810 p.:
|b col. ill.;
|c 27 cm..
|
| 500 |
|
|
|a Includes index
|
| 501 |
|
|
|a With CD : The manager's workshop v3.0 / Randall B. Dunham
|
| 650 |
0 |
0 |
|a Personnel management
|
| 700 |
1 |
|
|a Taylor, Stephen
|
| 700 |
1 |
|
|a Hall, Laura
|
| 997 |
|
|
|a Business & Accountancy, Faculty
|
| 998 |
|
|
|a Human Resource Management, Degree
|
| 999 |
|
|
|a 0000029858
|b BOK
|c OPEN SHELF
|e 1st Floor, Shah Alam
|
| 999 |
|
|
|a CDR0001177
|b CD-ROM
|c OPEN SHELF
|e Circulation Counter, Shah Alam
|